طنز و مز ا ح نگا ر ی ميں فکر تو نسو ی کا حصہ (Record no. 187630)
[ view plain ]
| 000 -LEADER | |
|---|---|
| fixed length control field | 00703nam a22001937a 4500 |
| 005 - DATE AND TIME OF LATEST TRANSACTION | |
| control field | 20220426144313.0 |
| 010 ## - LCCN (DPL NO) | |
| LC control number | UR-11527 |
| 020 ## - INTERNATIONAL STANDARD BOOK NUMBER | |
| Terms of availability | 250.00 |
| International Standard Book Number | - |
| 035 ## - SYSTEM CONTROL NUMBER | |
| System control number | U-10082 |
| 037 ## - SOURCE OF ACQUISITION | |
| Source of stock number/acquisition | DBAD/PUB |
| Stock number | - |
| 082 ## - DEWEY DECIMAL CLASSIFICATION NUMBER | |
| Classification number | 270.920 |
| Edition number | Ist |
| 100 ## - MAIN ENTRY--PERSONAL NAME | |
| Personal name | قا ضی ا سد ثنا ئ |
| 245 ## - TITLE STATEMENT | |
| Title | طنز و مز ا ح نگا ر ی ميں فکر تو نسو ی کا حصہ |
| Statement of responsibility, etc | ر ضو ا نہ بيگم |
| Medium | ا ر د و |
| 246 ## - VARYING FORM OF TITLE | |
| Remainder of title | Khutbath-e-Ansaar (Urdu) |
| Title proper/short title | by Rizwana Begum |
| 260 ## - PUBLICATION, DISTRIBUTION, ETC. (IMPRINT) | |
| Place of publication, distribution, etc | Hyderabad |
| Name of publisher, distributor, etc | Al-Ansar Publications |
| Date of publication, distribution, etc | 2021 ء |
| 270 ## - ADDRESS | |
| Address | 18-8-253/36A,Jamal Colony, Riasat Nagar, |
| City | Hyderabad |
| Postal code | 59 |
| Telephone number | 09391301192 |
| Fax number | - |
| 300 ## - PHYSICAL DESCRIPTION | |
| Extent | 208 ص |
| Dimensions | 22 Cm(Hb) |
| 942 ## - ADDED ENTRY ELEMENTS (KOHA) | |
| Source of classification or shelving scheme | Dewey Decimal Classification |
| Item type | Urdu Bks |
| Classification part | 270.920 |
| Call number suffix | ا س د |
No items available.
